<?xml version="1.0" encoding="UTF-8"?>
<record
    xmlns:xsi="http://www.w3.org/2001/XMLSchema-instance"
    xsi:schemaLocation="http://www.loc.gov/MARC21/slim http://www.loc.gov/standards/marcxml/schema/MARC21slim.xsd"
    xmlns="http://www.loc.gov/MARC21/slim">

  <leader>01180nab a2200241uuc4500</leader>
  <controlfield tag="001">1066643</controlfield>
  <controlfield tag="005">20240913093721.0</controlfield>
  <controlfield tag="008">080208s2007                        spa  </controlfield>
  <datafield tag="035" ind1=" " ind2=" ">
    <subfield code="a">1066643</subfield>
  </datafield>
  <datafield tag="035" ind1=" " ind2=" ">
    <subfield code="a">(OCoLC)820387160</subfield>
  </datafield>
  <datafield tag="040" ind1=" " ind2=" ">
    <subfield code="c">comduadb</subfield>
  </datafield>
  <datafield tag="041" ind1=" " ind2=" ">
    <subfield code="a">spa</subfield>
  </datafield>
  <datafield tag="100" ind1="1" ind2="0">
    <subfield code="a">Perales Escudero, Mois&#xE9;s Dami&#xE1;n</subfield>
    <subfield code="4">aut</subfield>
    <subfield code="e">aut</subfield>
    <subfield code="9">453966</subfield>
  </datafield>
  <datafield tag="245" ind1="1" ind2="3">
    <subfield code="a">La problem&#xE1;tica de la lecto-escritura en el estado de Tabasco: sugerencias para un programa de investigaci&#xF3;n y planeaci&#xF3;n desde la ling&#xFC;&#xED;stica aplicada</subfield>
  </datafield>
  <datafield tag="520" ind1="3" ind2=" ">
    <subfield code="a">Tiene por objetivo este art&#xED;culo bosquejar un programa de investigaci&#xF3;n y de acci&#xF3;n pedag&#xF3;gica basado en los paradigmas y resultados de investigaci&#xF3;n de la ling&#xFC;&#xED;stica aplicada a fin de contribuir a la mejor&#xED;a de los est&#xE1;ndares de lectoescritura en los diferentes niveles educativos del Estado de Tabasco.</subfield>
  </datafield>
  <datafield tag="650" ind1=" " ind2="0">
    <subfield code="a">Alfabetizaci&#xF3;n</subfield>
    <subfield code="9">32118</subfield>
  </datafield>
  <datafield tag="650" ind1=" " ind2=" ">
    <subfield code="a">Competencia lectora</subfield>
    <subfield code="9">131281</subfield>
  </datafield>
  <datafield tag="650" ind1=" " ind2=" ">
    <subfield code="a">Lectoescritura</subfield>
    <subfield code="9">32133</subfield>
  </datafield>
  <datafield tag="700" ind1="1" ind2="0">
    <subfield code="a">Garza P&#xFA;lido, Mar&#xED;a Guadalupe</subfield>
    <subfield code="4">aut</subfield>
    <subfield code="e">aut</subfield>
    <subfield code="9">449137</subfield>
  </datafield>
  <datafield tag="700" ind1="1" ind2="0">
    <subfield code="a">Cortes, Viviana</subfield>
    <subfield code="4">aut</subfield>
    <subfield code="e">aut</subfield>
    <subfield code="9">581649</subfield>
  </datafield>
  <datafield tag="773" ind1="0" ind2=" ">
    <subfield code="t">Perspectivas Docentes</subfield>
    <subfield code="g">No. 35, 2007, p. 5-11</subfield>
    <subfield code="w">971995</subfield>
    <subfield code="x">0188-3313</subfield>
    <subfield code="0">377722</subfield>
  </datafield>
  <datafield tag="942" ind1=" " ind2=" ">
    <subfield code="c">ARIMP</subfield>
  </datafield>
  <datafield tag="999" ind1=" " ind2=" ">
    <subfield code="c">448246</subfield>
    <subfield code="d">448246</subfield>
  </datafield>
</record>
